Por qué se droga la gente /
Saved in:
| Main Author: | |
|---|---|
| Format: | Book |
| Language: | Spanish |
| Published: |
[Bogotá] :
A. Reales Orozco,
1991
|
| Edition: | 1. ed. |
| Subjects: | |
| Tags: |
Add Tag
No Tags, Be the first to tag this record!
|
| LEADER | 00807aam a2200265 a 4500 | ||
|---|---|---|---|
| 001 | 007347301-4 | ||
| 005 | 20020606163548.3 | ||
| 008 | 910820s1991 ck a b 000 0 spa | ||
| 010 | |a 91185710 | ||
| 035 | 0 | |a ocm24542203 | |
| 035 | 0 | |a ocm24542203 |z ocm24451157 | |
| 040 | |a DLC |c DLC |d HLS | ||
| 043 | |a s-ck--- | ||
| 050 | 0 | 0 | |a HV5801 |b .R385 1991 |
| 082 | 0 | 0 | |a 362.29/0981 |2 20 |
| 100 | 2 | |a Reales Orozco, Antonio. | |
| 245 | 1 | 0 | |a Por qué se droga la gente / |c por Antonio Reales Orozco. |
| 250 | |a 1. ed. | ||
| 260 | |a [Bogotá] : |b A. Reales Orozco, |c 1991 |e (Bogotá, Colombia : |f Talleres de Tercer Mundo) | ||
| 300 | |a 209 p. : |b ill. ; |c 21 cm. | ||
| 504 | |a Includes bibliographical references (p. 205-209). | ||
| 650 | 0 | |a Drug abuse. | |
| 650 | 0 | |a Drug abuse |z Colombia. | |
| 988 | |a 20020608 | ||
| 906 | |0 DLC | ||


